000 01702cam a22004097a 4500
003 CHAP
005 20220817041133.0
008 971013s1991 r 00010 d
010 _a7181
011 _a8153
035 _a7378
040 _cCHAP
082 _a664.1
_bS65Y 1985
100 0 0 _aSpencer, Guilford L.
_9109191
245 1 0 _aManual de azúcar de caña
_b: para fabricantes de azúcar de caña y químicos especializados
_c/por Guilford L. Spencer, George P. Meade, James C. P. Chen
260 _aMéxico, D. F. :
_bLimusa,
_c1991.
300 _a1200 p.
_b: ilus. ; gráf.
500 _aTrad. de : 11 ed. en inglés, 1985.
590 _aBATCH-UPD
_b10
_c20130110
_lUCH01
_h0045
590 _aBATCH-UPD
_b10
_c20130110
_lUCH01
_h1917
590 _aBATCH-UPD
_b10
_c20130409
_lUCH01
_h2031
590 _aBATCH-UPD
_b10
_c20130410
_lUCH01
_h1243
590 _aBATCH-UPD
_b10
_c20130914
_lUCH01
_h0509
590 _aCONVERSION
_b10
_c20130109
_lUCH01
_h1305
650 1 4 _aAzúcar
_xFabricación y refinación.
_99152
650 1 4 _aCaña de azúcar.
650 1 3 _aIndustria azucarera
_957780
700 0 _aChen, James C. P.
_922128
700 0 _aMeade, George Peterkin.
_973783
901 _aBK
942 _cLIBRO
949 _a664.1 S65Y 1985
_bBC
_cLIBRO
_d33724000115937
_eLIBRO
_gI.165519
_h83627
_i7378
_si
_t176.00
949 _a664.1 S65Y 1985
_bBC
_cLIBRO
_d33724000115945
_eLIBRO
_fc.3
_h83705
_i7378
_si
_t176.00
949 _a664.1 S65Y 1985
_bBC
_cLIBRO
_d33724000115952
_eLIBRO
_fc.4
_h83706
_i7378
_si
_t176.00
949 _a664.1 S65Y 1985
_bBC
_cLIBRO
_d33724000584934
_eLIBRO
_fc.2
_h83704
_i7378
_si
_t176.00
949 _a664.1 S65Y 1985
_bBC
_cLIBRO
_d33724000777744
_eLIBRO
_fc.5
_gI.203241
_h97731
_i7378
_si
_t417.00
999 _c7181
_d7181